Online kapcsolódás, offline konfliktusok A közösségi média hatása a Z generáció párkapcsolataira

Bibliográfiai részletek
Szerző: Géczi Zsanett
További közreműködők: Hübner Andrea Gabriella
Dokumentumtípus: Diplomadolgozat
Kulcsszavak:féltékenység
kommunikáció
konfliktuskezelés
közösségi média
párkapcsolat
Z generáció
Online Access:http://dolgozattar.uni-bge.hu/59578

MARC

LEADER 00000nta a2200000 i 4500
001 dolg59578
005 20260409145244.0
008 260409suuuu hu om 000 hun d
040 |a BGE Dolgozattár Repozitórium  |b hun 
041 |a hu 
100 1 |a Géczi Zsanett 
245 1 0 |a Online kapcsolódás, offline konfliktusok  |b A közösségi média hatása a Z generáció párkapcsolataira  |c Géczi Zsanett  |h [elektronikus dokumentum] 
520 3 |a A dolgozat középpontjában a Z generáció párkapcsolati működése áll a közösségi média kontextusában. Arra keresem a választ, hogyan hatnak az online platformok a fiatalok kapcsolati kommunikációjára, konfliktuskezelési szokásaira és elvárásaira.Megvizsgálom, vajon erősíthetik-e a digitális platformok az érzelmi kötődést, vagy inkább feszültségforrást jelentenek – például a féltékenység, a közös idő vagy az idealizált párkapcsolati minták megjelenése révén. A kutatás rávilágít arra, hogy bár az online tér erősen jelen van a mindennapokban, a fiatalok kapcsolati nézeteit még mindig leginkább a személyes élmények és az otthonról hozott minták formálják. 
695 |a féltékenység 
695 |a kommunikáció 
695 |a konfliktuskezelés 
695 |a közösségi média 
695 |a párkapcsolat 
695 |a Z generáció 
700 1 |a Hübner Andrea Gabriella  |e ths 
856 4 0 |u http://dolgozattar.uni-bge.hu/59578/1/Szakdolgozat_G%C3%A9czi%20Zsanett_EL5IL8.pdf  |z Dokumentum-elérés 
856 4 0 |u http://dolgozattar.uni-bge.hu/59578/2/G%C3%A9czi%20Zsanett.pdf  |z Dokumentum-elérés 
856 4 0 |u http://dolgozattar.uni-bge.hu/59578/3/G%C3%A9czi%20Zsanett%20%C3%A9rt%C3%A9kel%C3%A9s.pdf  |z Dokumentum-elérés